| 000 | 00555nam a2200193 a 4500 | ||
|---|---|---|---|
| 005 | 20240910064204.0 | ||
| 008 | 040123s2003 mx r 000 0 spa d | ||
| 020 | _a8482397451 | ||
| 035 | _aUPN01000131508 | ||
| 049 | _aCG | ||
| 050 | 4 |
_aBD450 _bB8.2 |
|
| 100 | 1 | _aBurgos, Juan Manuel | |
| 245 | 1 | 0 |
_aAntropología : _buna guía para la existencia / _cJuan Manuel Burgos. |
| 260 |
_aMadrid : _bPalabra, _c2003. |
||
| 300 | _a423 p. | ||
| 440 | 0 |
_aAlbatros. _pManuales de filosofía ; _v7 |
|
| 650 | 4 |
_aAntropología filosófica _94784 |
|
| 905 | _aLibro | ||
| 999 |
_c103663 _d103663 |
||